000 00571cam a22002053a 4500
001 38396
003 PGUSA
005 20140828083839.0
008 111224s2011||||xxu|||||s|||||000 | eng d
040 _aPGUSA
_beng
042 _adc
100 1 _aLigthart, Jan,
_d1859-1916
245 1 0 _aVerspreide Opstellen, I
_h[electronic resource] /
_cJan Ligthart
260 _bProject Gutenberg,
_c2011
506 _aPublic domain in the USA.
516 _aElectronic text
830 0 _aProject Gutenberg
_v38396
856 4 0 _uhttp://www.gutenberg.org/ebooks/38396
942 _cEB
999 _c267650
_d267650